00661nam a2200217 a 450000100060000000300090000600800410001502000100005604000280006608200180009410000480011224500560016026000580021630000110027449000390028565000160032465000230034065000250036365000350038865000200042319184CO-ViMGA141112s2004 ck r 000 u spa d a26420 aCO-ViMGAbspacCO-ViMGA04a668.652 Y148g1 aYague Gonzalez, Juan; Bolivar Costa, Carlos10aGuía práctica de fungicidas y otros protectores aMadrid : bMundi - prensa Libros y Maralpa S.L.; 2000 a352 p. aGuías prácticas fitosanitarias14aFITOSANIDAD14aFUNGICIDAS - GUIAS14aINSECTICIDAS - GUIAS14aPRODUCTOS AGROQUIMICOS - GUIAS14aSANIDAD VEGETAL